000
00299nam a2200121Ia 4500
008
211105s9999 xx 000 0 und d
020
_a
VYASA07302
100
_a
Pathak Akhileshwar
245
0
_a
Legal Aspects Of Business
250
_a
3rd
260
_b
Tata McGraw-Hill Companies
_c
\N
300
_a
573
999
_c
11749
_d
11749